Lehet-e játszani a szerelmet? Kosztolányi Dezső: Akarsz-e játszani? /

Elmentve itt :
Bibliográfiai részletek
Szerző: Balogh Gergő
Dokumentumtípus: Cikk
Megjelent: 2025
Sorozat:TEMPEVÖLGY: KULTÚRA MŰVÉSZET TUDOMÁNY 17 No. 1
Tárgyszavak:
mtmt:36130992
Online Access:http://publicatio.bibl.u-szeged.hu/36708
LEADER 00672nab a2200193 i 4500
001 publ36708
005 20251020113032.0
008 251020s2025 hu o 000 hun d
022 |a 1789-9265 
024 7 |a 36130992  |2 mtmt 
040 |a SZTE Publicatio Repozitórium  |b hun 
041 |a hun 
100 1 |a Balogh Gergő 
245 1 0 |a Lehet-e játszani a szerelmet?   |h [elektronikus dokumentum] :  |b Kosztolányi Dezső: Akarsz-e játszani? /  |c  Balogh Gergő 
260 |c 2025 
300 |a 38-46 
490 0 |a TEMPEVÖLGY: KULTÚRA MŰVÉSZET TUDOMÁNY  |v 17 No. 1 
650 4 |a Nyelvek és irodalom 
856 4 0 |u http://publicatio.bibl.u-szeged.hu/36708/8/PDFsam_merge.pdf  |z Dokumentum-elérés